000 00934ngm a22003010a 4500
001 PT19508
003 AR-LpoUNG
005 20210202000310.0
007 vd cvaizq
008 191001s1969||||ag |||||||||||||||||bre d
037 _c$9.96
040 _aAR-LpoUNG
_bspa
_cAR-LpoUNG
_eaacr
041 _abre
_aspa
044 _aag
082 0 _a981.06 672ant
100 1 _aRocha, Glauber
_edir.
245 1 0 _aAntonio Das Mortes
260 _aBuenos Aires :
_bCultural Video,
_c1969.
300 _aVHS (95 min.) : son., col.
505 0 _aFotografía: Alfonso Beato - Montaje: Eduardo Escorel. - Títulos en portugués, subtítulos en castellano
520 _aAntonio das Montes era un asesino de -cangaçeiros- y ahora se le convoca, ante la amenaza de un nuevo resurgir del movimiento.
650 4 _aBRASIL
650 4 _aPROBLEMAS SOCIALES
651 4 _aBrasil
653 _aVIDEOS
905 _a19508
942 _cVIDEO
999 _c54546
_d54546